000 00620nam a2200193Ia 4500
999 _c55480
_d55480
003 GCL
005 20240530105359.0
008 140319s9999 xx 000 0 ara d
040 _aGCL /
_cGCL
082 0 4 _a258
_bم م
100 0 _aمحمد رواس قلعة جى
245 1 0 _aموسوعة فقه زين بن ثابت /
_cمحمد رواس قلعة جى
260 _a[S.N] :
_bدار النهضة ،
_c1993
490 _aموسوعة فقه السلف
_v0
650 0 4 _aالشريعة الاسلامية
650 0 4 _aالفقه الاسلامى
650 0 4 _aالمذاهب الفقهية
942 _2ddc
_cBK